| 000 | 00643nam a22001337a 4500 | ||
|---|---|---|---|
| 040 | _cRUA | ||
| 082 | _aVEM VUT 2015 B509 Or. | ||
| 100 | _aVUTHY PUTHIK; វុទ្ធី ពុទ្ធិ | ||
| 245 | _aEpidemiological survey of Newcastle disease in kandal stoeng district, kandal province; ការអង្កែតពីការរាត្បាតនៃជំងឺញ៉ូវកាសមាន់ដែលជួបប្រទះនៅស្រុកកណ្តាលស្ទឹង ខេត្តកណ្តាល | ||
| 260 |
_aRUA _bPhnom Penh _c2015 |
||
| 300 |
_aix;39p. _bill. _c29cm. |
||
| 856 | _uVUTHY PUTHIK | ||
| 942 | _cVEM | ||
| 999 |
_c9294 _d9294 |
||